Statistics for Most Populous US states by Decade

Click here to take the quiz!

General Stats

  • This quiz has been taken 158 times
  • The average score is 219 of 230

Answer Stats

RankPopulationState% Correct
137,253,956California
99%
129,760,021California
99%
215,850,000California
99%
119,953,134California
99%
210,586,223California
99%
56,907,387California
99%
123,669,000California
99%
65,677,251California
99%
133,871,648California
99%
83,426,861California
99%
104,951,560Florida
99%
79,739,000Florida
99%
96,789,443Florida
99%
412,937,926Florida
99%
415,982,378Florida
99%
418,801,310Florida
99%
13,880,735New York
99%
14,382,759New York
99%
319,378,102New York
99%
114,830,192New York
99%
218,241,266New York
99%
5340,120New York
99%
3586,050New York
99%
113,479,142New York
99%
1959,049New York
99%
11,372,812New York
99%
112,588,066New York
99%
217,557,000New York
99%
11,918,608New York
99%
12,428,921New York
99%
318,976,457New York
99%
15,082,871New York
99%
16,003,174New York
99%
217,990,455New York
99%
17,268,894New York
99%
110,385,227New York
99%
116,827,000New York
99%
19,113,614New York
99%
13,097,394New York
99%
53,896,542Texas
99%
66,414,824Texas
99%
225,145,561Texas
99%
55,824,715Texas
99%
72,235,527Texas
99%
69,617,000Texas
99%
54,663,228Texas
99%
67,748,000Texas
99%
63,048,710Texas
99%
220,851,820Texas
99%
314,228,000Texas
99%
411,196,730Texas
99%
316,986,510Texas
99%
9691,392Georgia
98%
99,687,653Georgia
98%
108,186,453Georgia
98%
9906,185Georgia
98%
10516,823Georgia
98%
102,609,121Georgia
98%
33,826,352Illinois
98%
511,419,000Illinois
98%
37,897,241Illinois
98%
36,485,280Illinois
98%
611,430,602Illinois
98%
35,638,591Illinois
98%
48,712,176Illinois
98%
512,830,632Illinois
98%
34,821,550Illinois
98%
41,711,951Illinois
98%
511,113,976Illinois
98%
512,419,293Illinois
98%
410,113,000Illinois
98%
42,539,891Illinois
98%
43,077,871Illinois
98%
37,630,654Illinois
98%
3393,751North Carolina
98%
10869,039North Carolina
98%
4556,526North Carolina
98%
106,628,637North Carolina
98%
4478,103North Carolina
98%
109,535,483North Carolina
98%
7753,419North Carolina
98%
5737,987North Carolina
98%
104,060,000North Carolina
98%
105,874,000North Carolina
98%
4638,829North Carolina
98%
411,867,000Pennsylvania
98%
26,302,115Pennsylvania
98%
29,631,350Pennsylvania
98%
2602,545Pennsylvania
98%
310,498,012Pennsylvania
98%
21,049,458Pennsylvania
98%
311,793,909Pennsylvania
98%
511,881,643Pennsylvania
98%
22,906,215Pennsylvania
98%
612,702,379Pennsylvania
98%
311,343,000Pennsylvania
98%
25,258,113Pennsylvania
98%
23,521,951Pennsylvania
98%
612,281,054Pennsylvania
98%
22,311,786Pennsylvania
98%
2434,373Pennsylvania
98%
27,665,111Pennsylvania
98%
21,348,233Pennsylvania
98%
3810,091Pennsylvania
98%
29,183,627Pennsylvania
98%
21,724,033Pennsylvania
98%
28,720,017Pennsylvania
98%
24,282,891Pennsylvania
98%
32,339,511Ohio
97%
4937,903Ohio
97%
711,353,140Ohio
97%
5581,434Ohio
97%
46,646,697Ohio
97%
610,797,000Ohio
97%
32,665,260Ohio
97%
43,672,329Ohio
97%
610,652,017Ohio
97%
46,907,612Ohio
97%
44,767,121Ohio
97%
711,536,504Ohio
97%
59,739,000Ohio
97%
31,519,467Ohio
97%
31,980,329Ohio
97%
33,198,062Ohio
97%
44,157,545Ohio
97%
710,847,115Ohio
97%
57,946,627Ohio
97%
45,759,394Ohio
97%
9581,185South Carolina
97%
7249,073South Carolina
97%
6345,591South Carolina
97%
6415,115South Carolina
97%
8502,741South Carolina
97%
3938,261Virginia
96%
41,119,348Virginia
96%
41,025,227Virginia
96%
101,225,163Virginia
96%
31,348,233Virginia
96%
71,219,630Virginia
96%
1807,557Virginia
96%
2877,683Virginia
96%
1691,937Virginia
96%
84,316,721Massachusetts
94%
63,366,416Massachusetts
94%
8737,699Massachusetts
94%
6994,514Massachusetts
94%
94,690,000Massachusetts
94%
5472,040Massachusetts
94%
63,852,356Massachusetts
94%
4378,787Massachusetts
94%
84,249,614Massachusetts
94%
8610,408Massachusetts
94%
61,231,066Massachusetts
94%
72,805,346Massachusetts
94%
5422,845Massachusetts
94%
71,783,085Massachusetts
94%
105,689,170Massachusetts
94%
62,238,947Massachusetts
94%
7523,287Massachusetts
94%
71,457,351Massachusetts
94%
95,167,000Massachusetts
94%
73,668,412Michigan
94%
91,636,937Michigan
94%
75,256,106Michigan
94%
74,842,325Michigan
94%
78,875,083Michigan
94%
92,420,982Michigan
94%
89,259,000Michigan
94%
77,848,000Michigan
94%
89,295,297Michigan
94%
82,810,173Michigan
94%
89,938,444Michigan
94%
76,421,000Michigan
94%
92,093,890Michigan
94%
89,883,640Michigan
94%
84,860,000New Jersey
94%
97,364,000New Jersey
94%
86,099,000New Jersey
94%
87,168,164New Jersey
94%
98,414,350New Jersey
94%
94,041,334New Jersey
94%
97,730,188New Jersey
94%
103,155,900New Jersey
94%
10211,149New Jersey
94%
94,160,165New Jersey
94%
9184,139New Jersey
94%
10685,866Indiana
93%
61,978,301Indiana
93%
82,192,404Indiana
93%
61,680,637Indiana
93%
51,350,428Indiana
93%
82,516,462Indiana
93%
92,700,876Indiana
93%
7988,416Indiana
93%
7406,511Kentucky
91%
9220,959Kentucky
91%
81,648,690Kentucky
91%
6564,317Kentucky
91%
6779,828Kentucky
91%
91,155,684Kentucky
91%
8982,405Kentucky
91%
81,321,011Kentucky
91%
6687,917Kentucky
91%
8251,002Connecticut
90%
9262,042Connecticut
90%
8237,946Connecticut
90%
5829,210Tennessee
90%
7681,904Tennessee
90%
101,109,801Tennessee
90%
10261,727Tennessee
90%
9422,813Tennessee
90%
91,258,520Tennessee
90%
51,002,717Tennessee
90%
7341,548Maryland
86%
6319,728Maryland
86%
8380,546Maryland
86%
10407,350Maryland
86%
52,168,380Missouri
85%
51,721,295Missouri
85%
52,679,185Missouri
85%
53,106,665Missouri
85%
73,293,335Missouri
85%
93,404,055Missouri
85%
103,629,367Missouri
85%
103,784,664Missouri
85%
81,182,012Missouri
85%
10184,139New Hampshire
80%
101,912,297Iowa
76%
102,231,853Iowa
76%
101,624,615Iowa
76%

Score Distribution

Percentile by Number Answered

Percent of People with Each Score

Your Score History

You have not taken this quiz